Statistiques concernant trouvez les personnages a l'aide des indices

Cliquez ici pour prendre le quiz!

Statistiques générales

  • Ce quiz a été pris 145 fois
    (126 depuis la dernière actualisation)
  • Le résultat moyen est 20 sur 100

Statistiques - réponses

indicesréponses% Correct
letrre de l'alphabetL
87%
exploratricedora
77%
super nana 4lui
72%
eponge vivantebob
71%
frere de marioluigi
70%
pas de nezvoldemort
66%
je suis ton peredark vador
62%
pika pikapikachu
54%
mais voila qui va lainspecteur gadget
52%
oh des donutshomer
51%
la grande reussite de nintendomario
50%
jedi tu serayoda
46%
une souris qui parlemickey
44%
canard richepicsou
39%
c'est notre projetmacron
36%
fantome de marioboo
35%
un animal rapide est bleusonic
35%
super nana 3rebelle
34%
princesse de hyrulezelda
34%
super nana 1belle
33%
super nana 2bulle
32%
detective de mangaconan
32%
voiture rougecars
28%
je porte le nom d'une briochepeach
26%
le pus gros youtuberpewdiepie
25%
poce bleuibra tv
24%
le vie c'est comme une boite de chocolatforrest gump
23%
il faut pas l'enerverhulk
21%
evolution d'evoli mais la qu'ellementali
21%
animal de bob l'epongegary
20%
jeu de lara croft version hommeuncharted
20%
homme de feriron man
19%
pokemon legendaire de la premiere generationmewtwo
19%
camenbert jaunepac man
17%
nom de super hero originalsuperman
17%
chien jaune magiquejake
16%
pikminolimar
16%
enfant icaruspit
16%
pokemon ninjaamphinobi
15%
falcon punchcaptain falcon
15%
adventure timefinn
15%
l'harmonieharmonie
15%
chewing gum rosekirby
15%
frere de sanspapyrus
15%
dinosaure vertyoshi
15%
tortue geantebowser
14%
poison orange avec des jambesdarwin
14%
i'm j bjames bond
14%
sans armure ou avecsamus
14%
squelette de jeu videosans
14%
c'est un crashcrash bandicoot
13%
il a peur des pouleslink
13%
resoud des enigmeprofesseur layton
13%
poney rapiderainbow dash
13%
serpent solidesolid snake
13%
tete de poiredonkey kong
12%
renard de l'espacefox
12%
loup de l'espacewolf
12%
symbole de l'ameriquecaptain america
11%
dragon de la premiere generationdracolosse
11%
faucon de l'espacefalco
11%
un chat bleugumball
11%
bazardekeblack
11%
homme elastiqueluffy
11%
ninja noircole
10%
meta chevaliermeta knight
10%
personnage de american dad mais le qu'elleroger
10%
dragon a cinc teteyugi oh
10%
pit mechantpit malefique
9%
cheveux jaune est une puissance incroyableson goku
9%
kawouette flinguediddy kong
8%
ninja rougekai
8%
fire emblemmarth
8%
reussite de ubisoftrayman
8%
robotr.o.b
8%
fire emblem 2ike
7%
okjacquouille
7%
ninja vertlloyd
7%
a toi de jouersacha
7%
maitre du sabrezoro
7%
ninja bleujay
6%
fire emblem 3lucina
6%
ha ahnelson
6%
ninja blanczane
5%
fire emblem 5daraen
4%
kidnappe des enfant pour leur faire visiter sa huttepeter pan
4%
tripote des enfantprofesseur chen
4%
combat de rueryu
4%
le mechant de la serie gravity fallsbill cipher
3%
gros cochonganon
3%
bananeles minions
3%
fire emblem 6lyn
3%
fire emblem 4roy
3%
perryagent p
2%
telephone sexymettaton
2%
bizzare aventuremojo jojo
2%
miau miau miau miaunyan cat
2%
morceau de viandesuper meat boy
2%
maitre en cuisinemaster chief
1%
mega evolution est la qu'ellemega lucario
1%

Distribution des résultats

Percentile par nombre de réponses

% des personnes avec chaque résultat

Votre développement - résultats

Vous n’avez pas pris ce quiz depuis la dernière actualisation